La Réponse est… trouvez ce qui relie tout ! #2 - Statistiques

Statistiques générales
  • Ce quiz a été pris 112 fois
  • Le résultat moyen est 23 sur 50
Statistiques - réponses
Indice Réponse % Correct
Chemin de ___ : le train Fer
99%
Conjonction de coordination en français Or
92%
Rester de ___ : rester totalement impassible Marbre
82%
Fille de ___ : terme vieilli pour prostituée Joie
81%
Section de l'orchestre avec trompettes et trombones Cuivre
78%
Avoir des ___ s dans les jambes : picotements Fourmi
76%
Maladie transmise par la morsure d'un animal Rage
74%
Ligne qui sépare les cheveux Raie
73%
Sous le ___ : séduit, envoûté Charme
71%
Se mettre sur son ___ : s'habiller élégamment 31
69%
Impeccable, parfaitement propre Nickel
69%
Troisième marche du podium Bronze
66%
Les ___ dalmatiens 101
64%
Pâtisserie allongée garnie de crème Eclair
64%
Groupe de La Réponse est un {Insecte}
62%
Ne pas arriver à la ___ de : lui être inférieur Cheville
61%
Groupe de La Réponse est un {Nombre}
60%
Faire ___ : atteindre exactement la cible Mouche
59%
Endroit, emplacement Lieu
58%
Jouer des ___ : se frayer un chemin agressivement Coude
55%
Unité de mesure anglo-saxonne (2,54 cm) Pouce
54%
Le ___ de départ: équipe type de football 11
52%
Système de locomotion d'un char militaire Chenille
52%
Groupe de La Réponse est un {Poisson}
51%
Pas piqué des ___ s : vraiment remarquable Hanneton
51%
___ le poisson : embrouiller volontairement Noyer
51%
Ancêtre du tennis, pratiqué dans des salles Paume
49%
Groupe de La Réponse est un {Sentiment}
47%
Groupe de La Réponse est une {Partie du corps}
46%
Groupe de La Réponse est un {Arbre}
44%
Unité de distance en navigation maritime 1000
39%
Être dans le ___ : ne pas comprendre la situation Brouillard
36%
Groupe de La Réponse est un {Matériau}
35%
Segment d'ADN porteur d'information héréditaire Gene
34%
Condition en logique ou en programmation(anglais) If
33%
Salle de spectacle lyrique Opéra
31%
Os du poignet Carpe
24%
Partie de l'intestin entre estomac et côlon Grêle
24%
Gâteau feuilleté en forme de cœur Palmier
22%
Groupe de La Réponse est un {Element chimique}
20%
Dix mille anciens francs, en argot Brique
19%
Femme ayant prononcé des vœux dans un couvent Religieuse
19%
Groupe de La Réponse est une {Pâtisserie}
18%
Ville de Wallonie ,en Belgique Liège
18%
Du ___ : formidable, excellent Tonnerre
15%
Premier pape de l'Église catholique Saint-Pierre
12%
Petite peau qui se soulève autour des ongles Envie
8%
Homme d'affaires gérant des capitaux Financier
8%
Groupe de La Réponse est un {Phénomène météo}
6%
Gifle, claque en argot Tarte
6%
Aucun quiz correspondant
Distribution des résultats
% des personnes avec chaque résultat
Percentile par nombre de réponses
Votre historique - résultats
Vous n’avez pas pris ce quiz